| 000 | 01461nam a2200205Ii 4500 | ||
|---|---|---|---|
| 003 | JO-AjNU | ||
| 008 | 230605s9999||||xx |||||||||||||| ||und|| | ||
| 017 | _a2015/3/892 | ||
| 040 |
_aJO-AjNU _bara _erda _cJO-AjNU |
||
| 041 | _aara | ||
| 050 | 1 | 4 | _aDS154.55.M342 2015 |
| 100 | 3 |
_aاشراف الديوان الملكي الهاشمي؛ اعداد وتحرير بكر خازر المجالي؛ المتابعة والتنسيق منتهى قبلان العبداللات، المتابعة والتنسيق جنان زكي أبو زياد, _eauthor _953289 |
|
| 245 | 0 | 0 | _aخطب العرش السامي لصاحب الجلالة الهاشمية المغفورالملك عبدالله الثاني بن الحسبن طيب الله ثراه ولصاحب الجلالة الهاشمية المغفور له الملك طلال بن عبدالله طيب الله ثراه ولصاحب الجلالة الهاشمية المغفور له الملك الحسين بن طلال طيب الله ثراه 1348-1387هجري/1929-1967م، ج1 |
| 264 | 3 | 1 | _aعمان: الديوان الملكي العامر، 2015 |
| 300 | _aج1، 313ص | ||
| 336 |
_atext _btxt _2rdacontent |
||
| 337 |
_aunmediated _bn _2rdamedia |
||
| 338 |
_avolume _bnc _2rdacarrier |
||
| 650 | 4 |
_aالاردن - تاريخ -اصحاب الجلالة الهاشمية عبدالله بن الحسين الاول،طلال بن عبدالله، الحسين بن طلال - خطابات _953290 |
|
| 999 |
_aA23657 _c27225 _d27225 |
||